书目信息 |
| 题名: |
世界海洋生态环境保护现状与发展趋势研究
|
|
| 作者: | 刘岩 , 郑苗壮 , 朱璇 , 裘婉飞 编著 | |
| 分册: | ||
| 出版信息: | 北京 海洋出版社 2017.12 |
|
| 页数: | 126页 | |
| 开本: | 24cm | |
| 丛书名: | ||
| 单 册: | ||
| 中图分类: | X145 | |
| 科图分类: | ||
| 主题词: | 海洋环境--hai yang huan jing--生态环境保护--研究--世界 | |
| 电子资源: | ||
| ISBN: | 978-7-5210-0012-2 | |
| 000 | 01312nam0 2200301 450 | |
| 001 | 0100011007 | |
| 005 | 20190905093952.0 | |
| 010 | @a978-7-5210-0012-2@dCNY42.00 | |
| 100 | @a20190904d2017 em y0chiy50 ea | |
| 101 | 0 | @achi |
| 102 | @aCN@b110000 | |
| 105 | @aabk a 000yy | |
| 106 | @ar | |
| 200 | 1 | @a世界海洋生态环境保护现状与发展趋势研究@Ashi jie hai yang sheng tai huan jing bao hu xian zhuang yu fa zhan qu shi yan jiu@d= Status and trends of worldwide ocean environment protection and ecosystem conservation@f刘岩 ... [等] 编著@zeng |
| 210 | @a北京@c海洋出版社@d2017.12 | |
| 215 | @a126页@c图, 地图@d24cm | |
| 304 | @a题名页题其余责任者: 郑苗壮, 朱璇, 裘婉飞 | |
| 320 | @a有书目 (第119-124页) | |
| 330 | @a本书主要内容包括: 世界主要海洋国家及海洋相关国际组织的海洋生态环境保护现状与趋势研究、2012年联合国可持续发展大会关于海洋生态环境保护问题的跟踪研究及启示等。 | |
| 510 | 1 | @aStatus and trends of worldwide ocean environment protection and ecosystem conservation@zeng |
| 606 | 0 | @a海洋环境@Ahai yang huan jing@x生态环境保护@x研究@y世界 |
| 690 | @aX145@v5 | |
| 701 | 0 | @a刘岩@Aliu yan@4编著 |
| 701 | 0 | @a郑苗壮@Azheng miao zhuang@4编著 |
| 701 | 0 | @a朱璇@Azhu xuan@4编著 |
| 701 | 0 | @a裘婉飞@Aqiu wan fei@4编著 |
| 801 | 0 | @aCN@c20190905 |
| 905 | @a河南城建学院图书馆@dX145@eL705 | |
| 世界海洋生态环境保护现状与发展趋势研究= Status and trends of worldwide ocean environment protection and ecosystem conservation/刘岩 ... [等] 编著.-北京:海洋出版社,2017.12 |
| 126页:图, 地图;24cm |
| ISBN 978-7-5210-0012-2:CNY42.00 |
| 本书主要内容包括: 世界主要海洋国家及海洋相关国际组织的海洋生态环境保护现状与趋势研究、2012年联合国可持续发展大会关于海洋生态环境保护问题的跟踪研究及启示等。 |
| ● |
| 相关链接 |
|
|
|
正题名:世界海洋生态环境保护现状与发展趋势研究
索取号:X145/L705
 
预约/预借
| 序号 | 登录号 | 条形码 | 馆藏地/架位号 | 状态 | 备注 |
| 1 | 1439313 | 214393137 | 自科库501/501自科库 62排6列4层/ [索取号:X145/L705] | 在馆 | |
| 2 | 1439314 | 214393146 | 自科库501/501自科库 62排6列4层/ [索取号:X145/L705] | 在馆 |